[Event "Borsodtavho"]
[Site "Borsodtavho"]
[Date "1991.??.??"]
[Round "8"]
[White "Lendwai, Reinhard"]
[Black "Thorsteins, Karl"]
[Result "1/2-1/2"]
[WhiteElo "2405"]
[BlackElo "2480"]
[PlyCount "33"]
[EventDate "1991.05.??"]
[Source "ChessBase"]

1. e4 c5 2. d4 cxd4 3. c3 dxc3 4. Nxc3 Nc6 5. Nf3 d6 6. Bc4 e6 7. O-O Nf6 8. Qe2 a6 9. Rd1 Qa5 10. Bf4 Ne5 11. Bxe5 dxe5 12. a3 Be7 13. b4 Qc7 14. Rac1 O-O 15. Bxe6 Bxe6 16. Nd5 Nxd5 17. exd5 1/2-1/2

[Event "Budva zt"]
[Site "Budva"]
[Date "1981.??.??"]
[Round "14"]
[White "Rajkovic, Dusan"]
[Black "Skembris, Spyridon"]
[Result "0-1"]
[WhiteElo "2470"]
[BlackElo "2415"]
[PlyCount "70"]
[EventDate "1981.10.??"]
[Source "ChessBase"]

1. d4 c5 2. e4 cxd4 3. Nf3 Qa5+ 4. c3 Nf6 5. e5 dxc3 6. bxc3 Ne4 7. Bd3 Nc5 8. Bc2 Nc6 9. O-O g6 10. Na3 Bg7 11. Rb1 Ne6 12. Re1 O-O 13. h4 Qc7 14. Qe2 a6 15. Nc4 b5 16. Ne3 Bb7 17. Nd5 Qd8 18. Ba3 Re8 19. Rbd1 Ncd4 20. cxd4 Bxd5 21. Be4 Bxe4 22. Qxe4 Rc8 23. d5 Rc4 24. Qe3 Nf8 25. Rd4 Rxd4 26. Nxd4 Qb6 27. Bxe7 Qa5 28. d6 Qxa2 29. f4 Ne6 30. Nxe6 Qxe6 31. h5 Qg4 32. hxg6 hxg6 33. Ra1 Bh6 34. g3 Rc8 35. Rxa6 Qd1+ 0-1

[Event "Biel op"]
[Site "Biel"]
[Date "1992.??.??"]
[Round "7"]
[White "Hedke, Fred"]
[Black "Sokolov, Andrei"]
[Result "1-0"]
[WhiteElo "2275"]
[BlackElo "2605"]
[PlyCount "61"]
[EventDate "1992.07.??"]
[Source "ChessBase"]

1. e4 c5 2. d4 cxd4 3. c3 dxc3 4. Nxc3 d6 5. Bc4 e6 6. Nf3 Be7 7. O-O Nf6 8. Qe2 O-O 9. Rd1 a6 10. Bg5 Nbd7 11. Bb3 Ne8 12. Bf4 b5 13. e5 d5 14. Nxd5 exd5 15. Bxd5 Ra7 16. e6 Nef6 17. exd7 Rxd7 18. Bb3 Bc5 19. Bg5 h6 20. Bh4 Qb6 21. Rxd7 Nxd7 22. Rd1 a5 23. a3 a4 24. Ba2 b4 25. axb4 Qxb4 26. h3 Qf4 27. Kh1 Nf6 28. Bg3 Qe4 29. Qd2 Bxh3 30. Bd5 Qf5 31. gxh3 1-0

[Event "Varazdin GM"]
[Site "Varazdin"]
[Date "2003.11.28"]
[Round "7"]
[White "Topalovic, Zlatko"]
[Black "Dumpor, Atif"]
[Result "1-0"]
[WhiteElo "2514"]
[BlackElo "2364"]
[PlyCount "71"]
[EventDate "2003.11.24"]
[Source "ChessBase"]
[SourceDate "2004.03.30"]

1. e4 c5 2. d4 cxd4 3. c3 dxc3 4. Nxc3 d6 5. Bc4 e6 6. Nf3 Be7 7. Qe2 Nc6 8. O-O a6 9. Rd1 b5 10. Bb3 Ra7 11. Be3 Rd7 12. Rac1 Bb7 13. Na4 bxa4 14. Bxa4 Nb8 15. e5 Bxf3 16. Qxf3 d5 17. Ba7 Bg5 18. Qb3 Bxc1 19. Rxc1 Nh6 20. Bb6 O-O 21. Bxd8 Rdxd8 22. h3 Nd7 23. Bxd7 Rxd7 24. Rc6 Ra7 25. Qa4 Rfa8 26. g4 Kh8 27. Qc2 Ng8 28. Rc7 g6 29. Qc5 Rxc7 30. Qxc7 Kg7 31. b4 h5 32. g5 Kf8 33. Qc6 Ra7 34. Qc5+ Re7 35. Qc8+ Re8 36. Qxa6 1-0

[Event "Tatran Cup"]
[Site "Stary Smokovec SVK"]
[Date "1986.??.??"]
[Round "?"]
[White "Tibensky, Robert"]
[Black "Kindermann, Stefan E S"]
[Result "0-1"]
[WhiteElo "2380"]
[BlackElo "2495"]
[PlyCount "75"]
[EventDate "1986.10.??"]
[Source "www.chesslib.no"]
[SourceDate "2004.05.04"]

1. e4 c5 2. d4 cxd4 3. c3 dxc3 4. Nxc3 Nc6 5. Nf3 e6 6. Bc4 a6 7. O-O Nge7 8. Bg5 f6 9. Be3 Ng6 10. Nd4 Be7 11. f4 O-O 12. Bb3 Na5 13. f5 Ne5 14. fxe6 Kh8 15. exd7 Bxd7 16. Ne6 Bxe6 17. Bxe6 Nac4 18. Bf2 Nxb2 19. Qe2 Nbd3 20. Rad1 Nf4 21. Qe3 Qc7 22. Qxf4 Qxc3 23. Bd5 Rab8 24. Rc1 Qa3 25. Qd2 Bb4 26. Qe2 Nd3 27. Rc2 Nxf2 28. Qxf2 b6 29. Kh1 Bc5 30. Qe2 Rbe8 31. Rf3 Qb4 32. Rc1 f5 33. Rh3 h6 34. Qh5 fxe4 35. Qg6 Qd2 36. Rb1 Qf4 37. Bc4 b5 38. Be2 0-1

[Event "RUS-Cup"]
[Site "?"]
[Date "1998.??.??"]
[Round "6"]
[White "Kupreichik Viktor D"]
[Black "Batsanin Dmitry"]
[Result "0-1"]
[WhiteElo "2505"]
[BlackElo "2370"]
[PlyCount "114"]
[EventDate "1998.??.??"]
[Source "www.chesslib.no"]
[SourceDate "2004.05.04"]

1. e4 c5 2. d4 cxd4 3. Nf3 a6 4. Nxd4 e5 5. Nf3 Nf6 6. Bc4 Be7 7. O-O d6 8. a4 O-O 9. Nc3 Nc6 10. Re1 Be6 11. Nd5 Rc8 12. c3 Na5 13. Bf1 Bxd5 14. exd5 Qb6 15. b4 Nc4 16. Bg5 e4 17. Rc1 Rfe8 18. Nd4 Nxd5 19. Bxe7 Nxe7 20. Bxc4 Rxc4 21. Rxe4 Rcc8 22. Qg4 Ng6 23. Rd1 Rf8 24. Nf5 d5 25. Re3 Rc4 26. Qf3 Qd8 27. g3 h6 28. Rd2 Qg5 29. Rxd5 Rf4 30. Ne7+ Nxe7 31. Rxg5 Rxf3 32. Rxg7+ Kxg7 33. Rxf3 Nc6 34. b5 axb5 35. axb5 Ne5 36. Re3 Kf6 37. f4 Nc4 38. Rd3 Ra8 39. Rd4 Ra1+ 40. Kg2 Ne3+ 41. Kf3 Nf5 42. Rd7 Ra3 43. Rc7 Nd6 44. Kg4 Nxb5 45. Rxb7 Nxc3 46. Rd7 Ne4 47. Rd4 Re3 48. Rd5 Kg7 49. Kf5 Nf6 50. Re5 Rf3 51. g4 Rh3 52. Re2 h5 53. g5 Ng4 54. Re7 Rxh2 55. g6 Nh6+ 56. Kg5 Rg2+ 57. Kxh5 Kf6 0-1

[Event "BL2-Nord 0001"]
[Site "Germany"]
[Date "2001.04.01"]
[Round "8.1"]
[White "Hedke, Fred"]
[Black "Levin, Felix"]
[Result "0-1"]
[WhiteElo "2347"]
[BlackElo "2528"]
[PlyCount "100"]
[EventDate "2000.10.15"]
[Source "ChessBase"]
[SourceDate "2001.07.03"]

1. e4 c5 2. d4 cxd4 3. c3 dxc3 4. Nxc3 e6 5. Nf3 a6 6. Bc4 b5 7. Bb3 Ne7 8. O-O Ng6 9. Qe2 Be7 10. Rd1 O-O 11. Be3 Nc6 12. a3 Bb7 13. Rd2 d6 14. Rad1 Qc7 15. Rc2 Qb8 16. Rcc1 Qe8 17. Ba2 Rc8 18. h3 h6 19. Nd2 Bf6 20. Nb3 Qe7 21. Qd2 Rfd8 22. f4 Nb8 23. Nd4 Nd7 24. f5 Bxd4 25. Qxd4 exf5 26. exf5 Nh4 27. Bf2 Qg5 28. Qg4 Nxf5 29. Qxg5 hxg5 30. Bb1 Nh4 31. Ne4 Ne5 32. Bb6 Rxc1 33. Rxc1 Rd7 34. g3 Nhf3+ 35. Kf2 Nc4 36. Be3 g4 37. hxg4 Nfe5 38. Bf4 Nxb2 39. Ke2 Nbc4 40. a4 Nxg4 41. axb5 axb5 42. Nc3 Bc6 43. Kd3 Nge5+ 44. Kd4 Nf3+ 45. Kd3 g5 46. Be3 Re7 47. Bf2 Nce5+ 48. Kc2 b4 49. Na2 Ng4 50. Bg1 Re2+ 0-1

[Event "Oberwart Open"]
[Site "Oberwart AUT"]
[Date "1994.??.??"]
[Round "8"]
[White "Lendwai, Reinhard"]
[Black "Beshukov, Sergei"]
[Result "1/2-1/2"]
[WhiteElo "2395"]
[BlackElo "2480"]
[PlyCount "118"]
[EventDate "1994.07.??"]
[Source "www.chesslib.no"]
[SourceDate "2004.05.04"]

1. e4 c5 2. d4 cxd4 3. c3 d3 4. c4 d6 5. Nc3 Nf6 6. Bxd3 g6 7. h3 Bg7 8. Nf3 O-O 9. O-O Nc6 10. Bg5 Nd7 11. Rc1 Nc5 12. Qd2 Nxd3 13. Qxd3 Be6 14. Nd5 f6 15. Bd2 Bf7 16. Rfd1 Rc8 17. b3 b6 18. Bc3 Qd7 19. a4 Kh8 20. Nd4 Nxd4 21. Bxd4 e5 22. Be3 Be6 23. Kh2 f5 24. f3 f4 25. Bd2 Qf7 26. Bb4 Rfd8 27. Ra1 g5 28. a5 bxa5 29. Rxa5 Rb8 30. Be1 h5 31. Nb4 Rd7 32. Ra6 Bf8 33. Nc6 Rbb7 34. Qc3 g4 35. Bh4 Qg6 36. b4 Rg7 37. Ra2 Bd7 38. b5 gxh3 39. Rg1 Bxc6 40. bxc6 Rbc7 41. Qa5 Rxc6 42. Qd8 Kg8 43. Rb2 Rb6 44. Rxb6 axb6 45. Kxh3 Qe6+ 46. Kh2 Qxc4 47. Qxb6 Qf7 48. Ra1 Be7 49. Ra7 Qg6 50. Qf2 Bxh4 51. Rxg7+ Kxg7 52. Qxh4 Kf7 53. Qd8 Qf6 54. Qd7+ Kg6 55. Kh3 Kh6 56. Qe8 Qg7 57. Kh2 Qg3+ 58. Kg1 Qe1+ 59. Kh2 Qg3+ 1/2-1/2

[Event "Spring op"]
[Site "Budapest"]
[Date "1992.??.??"]
[Round "?"]
[White "Votava, Jan"]
[Black "Tolnai, Tibor"]
[Result "1/2-1/2"]
[WhiteElo "2385"]
[BlackElo "2490"]
[PlyCount "122"]
[EventDate "1992.03.??"]
[Source "ChessBase"]

1. e4 c5 2. d4 cxd4 3. c3 d3 4. Bxd3 e6 5. Nf3 d6 6. c4 Nf6 7. Nc3 a6 8. O-O Qc7 9. h3 Be7 10. Be3 O-O 11. Rc1 Nbd7 12. Qe2 b6 13. Rfd1 Bb7 14. Bb1 Rac8 15. b3 Qb8 16. g4 Nc5 17. Bf4 Rfd8 18. b4 Ncd7 19. g5 Nh5 20. Be3 g6 21. Nh2 Ne5 22. Na4 Nxc4 23. Rxc4 Rxc4 24. Qxc4 b5 25. Qc3 bxa4 26. Ng4 Bf8 27. Nh6+ Bxh6 28. gxh6 e5 29. Bd3 Rc8 30. Qd2 Qa8 31. Be2 Rc6 32. b5 axb5 33. Bxb5 Rc8 34. Qxd6 Bxe4 35. Be2 Qc6 36. Qd8+ Qe8 37. Qh4 f5 38. Kh2 f4 39. Bc5 Rxc5 40. Rd8 Kf7 41. Rxe8 Kxe8 42. Bxh5 gxh5 43. Qxh5+ Ke7 44. h4 Bc2 45. Kg2 Kd6 46. Qe8 Kd5 47. Qd7+ Kc4 48. Kf3 Kc3 49. Qd6 Kc4 50. Kg4 Rd5 51. Qe6 Kd4 52. Qb6+ Kc4 53. Qc6+ Rc5 54. Qe6+ Kd4 55. Qd6+ Rd5 56. Qb4+ Kd3 57. f3 Rd4 58. Qb5+ Rc4 59. Qxe5 Kd2 60. Qd5+ Bd3 61. Qd6 Kc2 1/2-1/2

[Event "BL2-West 9900"]
[Site "Germany"]
[Date "2000.01.09"]
[Round "4.4"]
[White "Souleidis, Georgios"]
[Black "Kohlweyer, Bernd"]
[Result "0-1"]
[WhiteElo "2410"]
[BlackElo "2463"]
[PlyCount "46"]
[EventDate "1999.10.??"]
[Source "ChessBase"]
[SourceDate "2000.03.10"]

1. e4 c5 2. d4 cxd4 3. c3 dxc3 4. Nxc3 e6 5. Nf3 a6 6. Bc4 Nc6 7. O-O d6 8. Qe2 b5 9. Bb3 Ra7 10. Rd1 Rd7 11. Be3 Nf6 12. Nxb5 axb5 13. Qxb5 Bb7 14. e5 Nd5 15. Bxd5 exd5 16. Bb6 Qa8 17. exd6 Bxd6 18. Rxd5 Ba6 19. Qa4 Bxh2+ 20. Kh1 Rxd5 21. Qe4+ Ne7 22. Qa4+ Qc6 23. Qxa6 Bc7 0-1

[Event "Ptuj"]
[Site "Ptuj CRO"]
[Date "1995.??.??"]
[Round "6"]
[White "Topalovic, Zlatko"]
[Black "Sermek, Drazen"]
[Result "0-1"]
[WhiteElo "2355"]
[BlackElo "2515"]
[PlyCount "52"]
[EventDate "1995.??.??"]
[Source "www.chesslib.no"]
[SourceDate "2004.05.04"]

1. e4 c5 2. d4 cxd4 3. c3 dxc3 4. Nxc3 e6 5. Nf3 Bc5 6. Bc4 Ne7 7. O-O O-O 8. Bg5 f6 9. Bf4 Ng6 10. Bd6 Bxd6 11. Qxd6 Nc6 12. Rfd1 a6 13. Rac1 Qe7 14. Na4 Rb8 15. Nb6 Rd8 16. Bxa6 Qxd6 17. Rxd6 bxa6 18. Rcxc6 Bb7 19. Rc4 Bc6 20. Rb4 Kf7 21. Nd2 Ke7 22. Rdd4 Nf4 23. Kh1 e5 24. Rdc4 Bb5 25. Rc3 Rxb6 26. a4 Rd6 0-1

[Event "HUN-chT 9899"]
[Site "?"]
[Date "1999.??.??"]
[Round "?"]
[White "Molnar Bela"]
[Black "Horvath Jozsef"]
[Result "0-1"]
[WhiteElo "2340"]
[BlackElo "2530"]
[PlyCount "46"]
[EventDate "1999.??.??"]
[Source "www.chesslib.no"]
[SourceDate "2004.05.04"]

1. e4 c5 2. d4 cxd4 3. c3 dxc3 4. Nxc3 e6 5. Nf3 Nc6 6. Bc4 a6 7. O-O Nge7 8. Bg5 f6 9. Be3 b5 10. Bb3 Ng6 11. Nd4 Bb7 12. Qh5 b4 13. Nxc6 Bxc6 14. Nd5 exd5 15. exd5 Qa5 16. Rfe1 O-O-O 17. Rac1 Bd6 18. Qh3 Kb7 19. Red1 Bb5 20. a4 bxa3 21. bxa3 Qxa3 22. Rb1 Ka8 23. Bb6 Nf4 0-1

[Event "Graz Open"]
[Site "Graz AUT"]
[Date "1995.??.??"]
[Round "9"]
[White "Kiss, Laszlo"]
[Black "Eingorn, Vereslav S"]
[Result "0-1"]
[WhiteElo "2270"]
[BlackElo "2595"]
[PlyCount "40"]
[EventDate "1995.09.??"]
[Source "www.chesslib.no"]
[SourceDate "2004.05.04"]

1. e4 c5 2. d4 cxd4 3. Nf3 a6 4. Nxd4 Nf6 5. Bd3 e5 6. Nf3 h6 7. O-O Nc6 8. c4 Bc5 9. Nc3 d6 10. h3 O-O 11. a3 Be6 12. b4 Ba7 13. Qe2 Nh5 14. Kh2 Nf4 15. Bxf4 exf4 16. Rfd1 Nd4 17. Nxd4 Bxd4 18. Rac1 Qh4 19. Rd2 Be5 20. Nd5 f3+ 0-1

[Event "Tch (Men) 2005/2006 CZE"]
[Site "?"]
[Date "2006.01.14"]
[Round "7"]
[White "Langner Ladislav"]
[Black "Rasik Vitezslav"]
[Result "1-0"]
[WhiteElo "2396"]
[BlackElo "2466"]
[PlyCount "89"]
[EventDate "2006.??.??"]
[Source "www.chesslib.no"]
[SourceDate "2004.05.04"]

1. e4 c5 2. d4 cxd4 3. c3 d3 4. Bxd3 Nc6 5. c4 Nf6 6. Nc3 d6 7. Nge2 g6 8. O-O Bg7 9. h3 O-O 10. Be3 b6 11. Qd2 Ne5 12. f4 Nxd3 13. Qxd3 Bb7 14. Bd4 Rc8 15. Rac1 e5 16. Be3 exf4 17. Bxf4 Re8 18. Ng3 Nd7 19. Qxd6 Ne5 20. Qxd8 Rexd8 21. Nd5 Bxd5 22. cxd5 Nd3 23. Rxc8 Rxc8 24. Bg5 Be5 25. Ne2 Rc2 26. Rd1 Nc5 27. Nd4 Rxb2 28. Nc6 Bg3 29. e5 Ne4 30. Bh6 Nc5 31. Ne7+ Kh8 32. e6 fxe6 33. Rf1 Bf2+ 34. Rxf2 Rxf2 35. Kxf2 exd5 36. Ke3 Ne4 37. Nxd5 Nd6 38. Ne7 Nf7 39. Bf8 g5 40. Ke4 h6 41. Kf5 Kh7 42. Nc8 Nh8 43. g3 Ng6 44. Bd6 Kg7 45. Nxa7 1-0

[Event "CRO-Cup"]
[Site "?"]
[Date "2000.??.??"]
[Round "1"]
[White "Zelic Mladen"]
[Black "Cebalo Miso"]
[Result "0-1"]
[WhiteElo "2308"]
[BlackElo "2553"]
[PlyCount "58"]
[EventDate "2000.??.??"]
[Source "www.chesslib.no"]
[SourceDate "2004.05.04"]

1. e4 c5 2. d4 cxd4 3. c3 dxc3 4. Nxc3 Nc6 5. Nf3 e6 6. Bc4 a6 7. O-O Nge7 8. Bg5 f6 9. Be3 b5 10. Bb3 Ng6 11. Nd4 Bb7 12. Qh5 Nxd4 13. Bxd4 Bd6 14. f4 O-O 15. Be3 Qe7 16. Rad1 Rac8 17. Rf3 Rf7 18. f5 Nf8 19. Qg4 Kh8 20. Rh3 Bc5 21. Kh1 Bxe3 22. Rxe3 Rc5 23. fxe6 dxe6 24. Red3 g5 25. Rd8 Rg7 26. Rxf8+ Qxf8 27. Qxe6 h5 28. Qh3 g4 29. Qe3 Rxc3 0-1

[Event "CRO-chT2"]
[Site "Opatija"]
[Date "1995.??.??"]
[Round "?"]
[White "Zelic, Mladen"]
[Black "Stohl, Igor"]
[Result "0-1"]
[WhiteElo "2330"]
[BlackElo "2530"]
[PlyCount "160"]
[EventDate "1995.??.??"]
[Source "www.chesslib.no"]
[SourceDate "2004.05.04"]

1. e4 c5 2. d4 cxd4 3. c3 dxc3 4. Nxc3 Nc6 5. Nf3 e6 6. Bc4 a6 7. O-O Nge7 8. Bg5 f6 9. Be3 Ng6 10. Nd4 Bb4 11. Rc1 O-O 12. f4 Na5 13. Bb3 Kh8 14. f5 Ne5 15. fxe6 dxe6 16. Nxe6 Bxe6 17. Bxe6 Nac4 18. Bf2 Nxb2 19. Qb3 Nbd3 20. Nd5 Nxc1 21. Rxc1 Bd6 22. Rd1 Qe8 23. Ne3 Bc5 24. Bd5 Qb5 25. Bxb7 Qxb3 26. axb3 Rab8 27. Bd5 Rfc8 28. Kf1 h5 29. Ra1 Nd3 30. Bc4 Nb4 31. Nf5 Bxf2 32. Kxf2 Rc7 33. Nh4 Kh7 34. Ra5 g6 35. Nf3 Re7 36. e5 fxe5 37. Nxe5 Rf8+ 38. Nf3 Kg7 39. Ra4 Rb7 40. Kg3 Rf6 41. Ng5 Rf5 42. h4 a5 43. Ne6+ Kf6 44. Nd4 Re5 45. Ra1 Rbe7 46. Nf3 Rc5 47. Ng5 Nc2 48. Rf1+ Rf5 49. Rc1 Nd4 50. Rd1 Re3+ 51. Kh2 Rf4 52. g3 Rg4 53. Ra1 Rexg3 54. Ne4+ Rxe4 55. Kxg3 Nf5+ 56. Kf3 Re5 57. Rh1 Re3+ 58. Kf4 Rg3 59. Ra1 Rg4+ 60. Kf3 Nxh4+ 61. Ke3 Rg5 62. Rd1 Re5+ 63. Kf2 Nf5 64. Rd7 g5 65. Rf7+ Kg6 66. Rf8 g4 67. Rg8+ Kf6 68. Bd3 Rd5 69. Be4 Re5 70. Bd3 Nd4 71. Rg6+ Ke7 72. Bc4 Rf5+ 73. Ke3 Nxb3 74. Ke4 Rf3 75. Ke5 Re3+ 76. Kf4 Rc3 77. Bd5 a4 78. Rh6 a3 79. Ra6 Nc5 80. Ra7+ Kd6 0-1

[Event "Komercni Banka Open"]
[Site "?"]
[Date "1999.07.22"]
[Round "7"]
[White "Hedke Fred"]
[Black "Kuporosov Viktor"]
[Result "1/2-1/2"]
[WhiteElo "2376"]
[BlackElo "2482"]
[PlyCount "109"]
[EventDate "1999.??.??"]
[Source "www.chesslib.no"]
[SourceDate "2004.05.04"]

1. e4 c5 2. d4 cxd4 3. c3 d3 4. c4 Nc6 5. Bxd3 d6 6. h3 Nf6 7. Nc3 e6 8. Nf3 Be7 9. O-O O-O 10. Be3 b6 11. Qe2 Bb7 12. Rad1 Nd7 13. Bb1 a6 14. b3 Rc8 15. Rc1 Nce5 16. Nd4 Nc6 17. Rfd1 Nxd4 18. Bxd4 Qc7 19. Be3 Rfd8 20. f3 Bf6 21. Qd2 Nc5 22. Bf4 Be5 23. Bg5 f6 24. Be3 g5 25. Bd4 Qe7 26. Bxe5 dxe5 27. Qe3 a5 28. Bc2 Rxd1+ 29. Rxd1 Rd8 30. a3 Rxd1+ 31. Bxd1 Nd7 32. Nb5 Bc6 33. Na7 Qd6 34. Bc2 Qc7 35. Nxc6 Qxc6 36. Kh2 Qc5 37. Qxc5 bxc5 38. g4 Kf7 39. Kg3 Ke7 40. h4 Kf7 41. Kf2 Nb8 42. Ke3 Nc6 43. Bd1 Nb8 44. Be2 h6 45. Bd1 Ke7 46. Be2 Nd7 47. Bd1 Nf8 48. Be2 Ng6 49. Bf1 Nxh4 50. Kf2 Kf7 51. Ke3 Ng6 52. Be2 Nf4 53. Bf1 Kg6 54. Kf2 h5 55. Ke3 1/2-1/2

[Event "Memorial V.Doroshkevich (open)"]
[Site "Belorechensk (Russia)"]
[Date "2007.06.03"]
[Round "6"]
[White "Anoshkin Alexander (RUS)"]
[Black "Petrushin Alexander I (RUS)"]
[Result "1/2-1/2"]
[WhiteElo "2363"]
[BlackElo "2492"]
[PlyCount "47"]
[EventDate "2007.??.??"]
[Source "www.chesslib.no"]
[SourceDate "2004.05.04"]

1. e4 c5 2. d4 cxd4 3. c3 dxc3 4. Nxc3 Nc6 5. Nf3 d6 6. Bc4 e6 7. O-O Nf6 8. Qe2 Be7 9. Rd1 e5 10. h3 O-O 11. Be3 Be6 12. Bxe6 fxe6 13. Rac1 Rc8 14. b4 a6 15. b5 axb5 16. Qxb5 Qd7 17. Na4 Nd4 18. Nxd4 exd4 19. Qxd7 Nxd7 20. Bxd4 Rxc1 21. Rxc1 Ra8 22. Nc3 Nb8 23. a4 Nc6 24. Bb6 1/2-1/2

[Event "Tula (Russia)"]
[Site "?"]
[Date "2004.03.18"]
[Round "5"]
[White "Mamoshin Valery"]
[Black "Yagupov Igor"]
[Result "0-1"]
[WhiteElo "2343"]
[BlackElo "2509"]
[PlyCount "116"]
[EventDate "2004.??.??"]
[Source "www.chesslib.no"]
[SourceDate "2004.05.04"]

1. e4 c5 2. d4 cxd4 3. c3 dxc3 4. Nxc3 Nc6 5. Nf3 e6 6. Bc4 Qc7 7. O-O a6 8. a4 Bd6 9. Qe2 Nge7 10. Rd1 Ng6 11. g3 O-O 12. Be3 Nce5 13. Nxe5 Nxe5 14. Ba2 Nc6 15. Rac1 Be7 16. Nd5 exd5 17. exd5 d6 18. b4 Qd7 19. dxc6 bxc6 20. Qc2 Bb7 21. Bb1 f5 22. Rd4 d5 23. Rf4 Bd6 24. Rxf5 Rxf5 25. Qxf5 Qxf5 26. Bxf5 Bxb4 27. Bd7 Rd8 28. Bxc6 Bxc6 29. Rxc6 d4 30. Bf4 d3 31. Rc1 Re8 32. Be3 Re4 33. Rc8+ Kf7 34. Rd8 Be7 35. Rxd3 Rxa4 36. Rd7 Ke6 37. Ra7 Bf6 38. Kg2 Kd5 39. h4 Ke4 40. Bb6 Ra2 41. Be3 a5 42. g4 h6 43. Rf7 Bc3 44. g5 hxg5 45. hxg5 a4 46. g6 a3 47. Bh6 gxh6 48. g7 Bxg7 49. Rxg7 Rc2 50. Rg4+ Kd5 51. Ra4 a2 52. Kg3 Kc5 53. f4 Kb5 54. Ra8 Kb4 55. Kg4 Kb3 56. Kh5 Rc4 57. f5 Ra4 58. Rb8+ Ka3 0-1

[Event "DDR Ch 21st"]
[Site "Goerlitz"]
[Date "1972.02.07"]
[Round "2"]
[White "Zinn, Lothar"]
[Black "Malich, Burkhard"]
[Result "1/2-1/2"]
[WhiteElo "2400"]
[BlackElo "2450"]
[PlyCount "39"]
[EventDate "1972.02.06"]
[Source "www.chesslib.no"]
[SourceDate "2004.05.04"]

1. e4 c5 2. d4 cxd4 3. c3 dxc3 4. Nxc3 e6 5. Nf3 a6 6. Bc4 b5 7. Bb3 Bb7 8. Qe2 Bc5 9. O-O d6 10. Bg5 Ne7 11. Rfd1 Nd7 12. a3 O-O 13. Rd2 Qe8 14. Bf4 Ne5 15. Bxe5 dxe5 16. Nxe5 Nc6 17. Nxc6 Qxc6 18. Kh1 Rad8 19. Rad1 Qb6 20. f3 1/2-1/2

[Event "CRO-chT2"]
[Site "?"]
[Date "1998.??.??"]
[Round "8"]
[White "Zelic Mladen"]
[Black "Kuczynski Robert"]
[Result "1/2-1/2"]
[WhiteElo "2365"]
[BlackElo "2485"]
[PlyCount "81"]
[EventDate "1998.??.??"]
[Source "www.chesslib.no"]
[SourceDate "2004.05.04"]

1. e4 c5 2. d4 cxd4 3. c3 dxc3 4. Nxc3 Nc6 5. Nf3 e6 6. Bc4 a6 7. O-O Nge7 8. Bg5 f6 9. Be3 b5 10. Bb3 Ng6 11. Nd4 Bb7 12. Qh5 Nxd4 13. Bxd4 Bd6 14. f4 O-O 15. f5 Nf4 16. Qg4 Kh8 17. Rad1 Qe7 18. Be3 exf5 19. Qxf5 Ne6 20. Nd5 Bxd5 21. Rxd5 g6 22. Qh3 Bc5 23. Bxc5 Nxc5 24. Rfd1 Rad8 25. Bc2 d6 26. Qe3 Kg7 27. b4 Nd7 28. Rxd6 Ne5 29. Rxa6 Rxd1+ 30. Bxd1 Qxb4 31. h3 Qb1 32. Qd2 Rf7 33. Kh2 Qxe4 34. Bb3 Nc4 35. Qf2 Qe5+ 36. Kh1 Rc7 37. Ra7 Qa1+ 38. Kh2 Qe5+ 39. Kh1 Qa1+ 40. Kh2 Qe5+ 41. Kh1 1/2-1/2

[Event "Auckland"]
[Site "Auckland"]
[Date "1992.??.??"]
[Round "7"]
[White "Levi, Eddy"]
[Black "Rogers, Ian"]
[Result "0-1"]
[WhiteElo "2300"]
[BlackElo "2550"]
[PlyCount "96"]
[EventDate "1992.??.??"]
[Source "ChessBase"]

1. e4 c5 2. d4 cxd4 3. c3 d3 4. Bxd3 Nc6 5. Nf3 d6 6. O-O g6 7. Nbd2 Bg7 8. Re1 Nf6 9. Nf1 O-O 10. Ne3 Re8 11. Nd5 Be6 12. Bc4 Bg4 13. Bg5 Nxd5 14. exd5 Ne5 15. Be2 Bxf3 16. Bxf3 Qb6 17. Rb1 Qa5 18. a3 b5 19. Be2 Rab8 20. f4 Nd7 21. Bg4 Qd8 22. Re3 Nf6 23. Bxf6 Bxf6 24. Kh1 a5 25. Qd2 b4 26. cxb4 axb4 27. Rb3 bxa3 28. bxa3 Rxb3 29. Rxb3 Qc7 30. h3 Ra8 31. Qb4 Qc2 32. Kh2 h5 33. Bd7 h4 34. Bc6 Ra5 35. Bb5 Bd4 36. a4 Bc5 37. Rb2 Qf5 38. Qd2 g5 39. Bd7 Qxf4+ 40. Qxf4 gxf4 41. Rb5 Rxb5 42. Bxb5 Kg7 43. a5 Kf6 44. a6 Ke5 45. Bc6 Ba7 46. Kh1 e6 47. Kh2 Kf6 48. Kh1 e5 0-1

[Event "Medina del Campo op"]
[Site "?"]
[Date "2001.??.??"]
[Round "6"]
[White "Sanz Alonso Francisco Javier"]
[Black "Romero Holmes Alfonso"]
[Result "1/2-1/2"]
[WhiteElo "2387"]
[BlackElo "2461"]
[PlyCount "56"]
[EventDate "2001.??.??"]
[Source "www.chesslib.no"]
[SourceDate "2004.05.04"]

1. e4 c5 2. d4 cxd4 3. c3 dxc3 4. Nxc3 e6 5. Nf3 a6 6. Bf4 d6 7. Qd2 Be7 8. O-O-O e5 9. Bg5 Nc6 10. Bxe7 Ngxe7 11. Qxd6 Qxd6 12. Rxd6 Bg4 13. Be2 Bxf3 14. Bxf3 h5 15. Bd1 Nd4 16. f4 Nec6 17. fxe5 Rd8 18. Ba4 b5 19. Bb3 Rxd6 20. exd6 Nxb3+ 21. axb3 Kd7 22. Rd1 Re8 23. Kd2 Re6 24. Ke3 Rxd6 25. Rf1 f6 26. Nd5 Ne7 27. Nf4 g6 28. h4 Rc6 1/2-1/2

[Event "Groningen op"]
[Site "Groningen"]
[Date "1993.??.??"]
[Round "2"]
[White "Hedke, Fred"]
[Black "Kolev, Atanas"]
[Result "1/2-1/2"]
[WhiteElo "2345"]
[BlackElo "2500"]
[PlyCount "95"]
[EventDate "1993.12.??"]
[Source "ChessBase"]

1. e4 c5 2. d4 cxd4 3. c3 dxc3 4. Nxc3 e6 5. Nf3 Nc6 6. Bc4 Qc7 7. Qe2 Nf6 8. e5 Ng4 9. Bf4 f6 10. Nd5 Qa5+ 11. Bd2 Qd8 12. exf6 Nxf6 13. O-O Nxd5 14. Bxd5 Be7 15. Bb3 O-O 16. Rad1 d5 17. Bc3 Bf6 18. Nd4 Nxd4 19. Bxd4 Bd7 20. Rfe1 Bxd4 21. Rxd4 Qf6 22. Rd2 Rac8 23. Qd3 Rc5 24. h3 g6 25. Red1 Qf4 26. Qe2 Rfc8 27. Rd4 Qf6 28. Qe3 b6 29. h4 Rf8 30. Qg3 Kh8 31. f3 Bc6 32. R4d2 Qf4 33. Qf2 Bb5 34. Rd4 Qf6 35. Qg3 Bc6 36. R4d2 Rd8 37. Re2 Bd7 38. Red2 Rdc8 39. Qd6 Qg7 40. Rd4 Rc1 41. Kh2 Rxd1 42. Rxd1 Rc6 43. Qf4 Qe7 44. Re1 Qg7 45. Qb8+ Rc8 46. Qd6 Rc6 47. Qb8+ Rc8 48. Qd6 1/2-1/2

[Event "ISL Ch"]
[Site "Gardabaer ISL"]
[Date "1991.??.??"]
[Round "10"]
[White "Hardarson, Robert"]
[Black "Hjartarson, Johann"]
[Result "0-1"]
[WhiteElo "2310"]
[BlackElo "2535"]
[PlyCount "60"]
[EventDate "1991.??.??"]
[Source "www.chesslib.no"]
[SourceDate "2004.05.04"]

1. e4 c5 2. d4 cxd4 3. c3 dxc3 4. Nxc3 Nc6 5. Nf3 d6 6. Bc4 e6 7. O-O Nf6 8. Qe2 Be7 9. Rd1 e5 10. h3 O-O 11. Be3 a6 12. a4 Be6 13. Bxe6 fxe6 14. Qc4 Qd7 15. Ng5 Nd8 16. f4 exf4 17. Bxf4 Ng4 18. Rf1 Rxf4 19. Rxf4 Ne3 20. Qe2 Bxg5 21. Qxe3 Nf7 22. Kh1 Bxf4 23. Qxf4 Rc8 24. Rd1 h6 25. Qe3 Qc6 26. Qd4 Qc5 27. Ne2 Qxd4 28. Nxd4 Ng5 29. b3 Nxe4 30. Re1 d5 0-1

[Event "Makarska"]
[Site "?"]
[Date "1995.??.??"]
[Round "5"]
[White "Zelic Mladen"]
[Black "Sermek Drazen"]
[Result "0-1"]
[WhiteElo "2330"]
[BlackElo "2515"]
[PlyCount "114"]
[EventDate "1995.??.??"]
[Source "www.chesslib.no"]
[SourceDate "2004.05.04"]

1. e4 c5 2. d4 cxd4 3. c3 dxc3 4. Nxc3 e6 5. Nf3 a6 6. Bc4 b5 7. Bb3 Bb7 8. O-O b4 9. Nd5 exd5 10. exd5 Bd6 11. Re1+ Ne7 12. Ng5 O-O 13. Qh5 h6 14. Ne4 Qc7 15. Bxh6 Bxh2+ 16. Kh1 Qe5 17. Bg5 Nxd5 18. Bxd5 Qxd5 19. Qxh2 Qf5 20. Be7 Bxe4 21. Bxf8 Nc6 22. Bd6 Bd5 23. Re3 f6 24. Rh3 Kf7 25. Rh5 Qe6 26. b3 Re8 27. Qg3 Nd4 28. Rd1 Qe2 29. Rxd4 Qxh5+ 30. Rh4 Re1+ 31. Kh2 Qd1 32. Qg4 Qxg4 33. Rxg4 Re2 34. Bc5 a5 35. Rd4 Ke6 36. a3 bxa3 37. Bxa3 Rxf2 38. Rg4 g5 39. Rg3 Ra2 40. Bc5 d6 41. Bd4 Kf5 42. Bb6 Ke6 43. Bd8 Ke5 44. Re3+ Be4 45. Bxf6+ Kf5 46. Bd8 Rxg2+ 47. Kh3 g4+ 48. Kh4 d5 49. Re1 d4 50. Bxa5 Rh2+ 51. Kg3 Rh3+ 52. Kf2 g3+ 53. Ke2 Rh2+ 54. Kd1 Bf3+ 55. Kc1 g2 56. Bb6 Rh1 57. Bxd4 Rxe1+ 0-1